Genetics: Analysis of genes and genomes (Record no. 141280)

MARC details
000 -LEADER
fixed length control field 00398nam a2200157Ia 4500
008 - FIXED-LENGTH DATA ELEMENTS--GENERAL INFORMATION
fixed length control field 230917s9999||||xx |||||||||||||| ||und||
040 ## - CATALOGING SOURCE
-- 114253
Original cataloging agency VIVEKANANDA LIBRARY
041 ## - Language
-- English
082 ## - DDC NUMBER
Classification number 576.5 H255G
100 ## - MAIN ENTRY--PERSONAL NAME
Personal name Hartl, Daniel L
245 #0 - TITLE STATEMENT
Title Genetics: Analysis of genes and genomes
250 ## - EDITION STATEMENT
Edition statement 6th ed.
260 ## - PUBLICATION, DISTRIBUTION, ETC. (IMPRINT)
Place of publication, distribution, etc Boston
Name of publisher, distributor, etc Jones and Bartlett
Date of publication, distribution, etc 2005
300 ## - PHYSICAL DESCRIPTION
Pages xv, 854 p.
942 ## - ADDED ENTRY ELEMENTS (KOHA)
Koha item type Books
Holdings
Withdrawn status Lost status Damaged status Not for loan Location (home branch) Sublocation or collection (holding branch) Shelving location Date acquired Koha issues (times borrowed) Koha full call number Accession No. Koha date last seen Koha item type
        VIVEKANANDA LIBRARY VIVEKANANDA LIBRARY UIET Library 07/04/2008   576.5 H255G 246613 17/09/2023 Books
© Designed and Maintained by Vivekananda Library, MDU Rohtak